000 01799nam a2200325Ia 4500
008 130821s2009 ie a gs deng
040 _aCo-BoUCM
_bspa
041 0 0 _aeng
092 _aDVD 0553
245 0 4 _aThe Tudors the complete third season
_c[DVD]
_c[dirigido por] Michael Hirst
260 _aDublín (Irlanda)
_bShowtime Networks, Peace Arch Entertainment
_c2009
300 _a3 DVD
_bson. color
500 _aCoproducción Gran Bretaña-Irlanda-EEUU.
500 _aSINOPSIS : The Tudors es una serie de televisión que recrea de excelente manera los primeros años del reinado de Enrique VIII de Inglaterra. The Tudors refleja a un monarca cuyos asuntos de estado no figuraban entre sus prioridades y cuyos problemas oficiales quedaban en manos del Cardenal Wolsey (Sam Nelly). Enrique VIII era incluso capaz de desafiar a la institución más poderosa de Europa Medieval: la Iglesia Católica Romana.
505 _aDISCO 1 : episodios 1-3. -- DISCO 2 : episodios 4-6. -- DISCO 3 : episodios 7-8.
508 _aDirector, Michael Hirst ; guión, Michael Hirst ; música, Trevor Morris
511 _aJonathan Rhys-Meyers, Henry Cavill, James Frain, Annabelle Wallis, Alan van Sprang, Gerard McSorley, Joss Stone, Max von Sydow.
546 _aAudio en Inglés y Español.
600 0 4 _aEnrique VIII
_eR. xii
_d1491-1547
_vDVD
_91580
650 0 4 _aBiografías
_97343
650 0 4 _aEntretenimiento
_926487
650 0 4 _aHistoria de Europa
_926509
650 0 4 _aProgramas de televisión
_vDVD
_922530
650 0 4 _aTeleseries
_vDVD
_925184
700 1 _aHirst, Michael
_edir.
710 2 _aPeace Arch Entertainment
710 2 _aShowtime Networks
856 0 4 _uhttps://www.youtube.com/watch?v=WXNf9dxnQrM
_zSiga este vínculo para ver el trailer.
942 _cMULTIMEDIA
_2LOCAL
_a11
_e1
999 _c66192
_d66192